| 000 | 00921cam a2200277 4500 | ||
|---|---|---|---|
| 001 | B1613 | ||
| 008 | 090401t1988 xxu||||| |||| 00| 0 eng d | ||
| 035 | _a(Sirsi) u45446 | ||
| 041 | _aeng | ||
| 050 | _a333.335 | ||
| 090 | _aRICS 1988/5 AB | ||
| 110 |
_aRoyal Institution of Chartered Surveyors _94900 |
||
| 245 | _aRents and tenancies: realism for tomorrow. LAA/CAAV Joint annual conference, 13 January 1988, Connaught Rooms, London | ||
| 260 | _c1988 | ||
| 300 | _a5 papers. | ||
| 350 | _a0 | ||
| 520 | _aLand Agency and Agriculture Division. Papers by: Brown,D.A. , Lee-Steere,G.E. , Morgan,P. , Shearman,T.G. and Wild,N.R. . | ||
| 650 | _aPROPERTY-LANDLORD AND TENANT-TENANCIES-AGRICULTURAL TENANCIES | ||
| 650 | _aCONFERENCE | ||
| 650 | _aFARM LAND | ||
| 650 | _aRENT | ||
| 650 |
_aValuation _96273 |
||
| 710 | _aCentral Association of Agricultural Valuers | ||
| 942 | _n0 | ||
| 948 | _c04/03/1997 | ||
| 999 |
_c91723 _d91723 |
||